000 00861nam a2200277Ia 4500
003 OSt
005 20251210154741.0
008 210716s1999 xx 000 0 und d
020 _a8176352675
040 _cAIMIT LIBRARY
041 _aeng
082 _a006.37
_21
_bHAWH
100 _aHawhee, Howard.
_9248690
245 _aMCSD :
_bvisual basic 6 exams /
_cBy Howard Hswhee...[et.al].
250 _a1st ed.
260 _aNew Delhi :
_bTechmedia ,
_c1999.
300 _axxxviii,1202p. ;
_bPB
_c23.6 cm
650 _aCreating data input forms and dialog boxes
_9248691
650 _aCreating an active document
_9248692
650 _afinal review
_9248693
700 _aJordan, Corby.
_9248694
700 _aHundhausen, Richard.
_9248695
700 _aMartins, Felipe
_9248696
700 _aMoore, Thomas.
_9248697
942 _2ddc
_cBK
_e1st
_k006.37 HAWH
999 _c183611
_d183611